00428nam a2200145 a 450000500170000000800410001702000180005805000230007610000230009924500470012226000390016930000230020865000310023165000200026220140412111325.0000821s19uu xx 00 eng d a1-55209-147-3 aTR(PS EbWa36 1996 aFernandes, Eugenie aWaves in the bathtub /cEugenie Fernandes. aNew York :bA Firefly Book,c1996. a1 v. (unp.) ; ill. aChildren's stories-Fiction aBathtub-Fiction